[Event "St Petersburg Korchnoi Memorial op"]
[Site "St Petersburg"]
[Date "2024.08.18"]
[Round "4"]
[White "Pankov, Daniil"]
[Black "Chernov, Lev"]
[Result "1-0"]
[WhiteElo "2116"]
[BlackElo "1923"]
[PlyCount "83"]
[EventDate "2024.08.17"]
[EventType "swiss"]
[EventRounds "9"]
[EventCountry "RUS"]
[SourceTitle "CBM 221 Extra"]
[Source "ChessBase"]
[SourceDate "2024.09.30"]
[SourceVersion "1"]
[SourceVersionDate "2024.09.30"]
[SourceQuality "1"]

1. e4 c5 2. Nf3 d6 3. d4 cxd4 4. Qxd4 Nc6 5. Bb5 Bd7 6. Bxc6 Bxc6 7. Bg5 Qa5+ 8. Nc3 Nf6 9. 0-0-0 Nd7 10. Kb1 Ne5 11. Nd2 Qc5 12. Qxc5 dxc5 13. Nd5 Bxd5 14. exd5 Ng4 15. Ne4 f5 16. h3 Nf6 17. Nxc5 e5 18. Bxf6 gxf6 19. Ne6 Kd7 20. g4 f4 21. c4 b6 22. Kc2 Bc5 23. f3 Rag8 24. Kd3 Be3 25. Ke4 Rc8 26. b3 a6 27. Rh2 Bc5 28. h4 Bd6 29. g5 Ke7 30. Kf5 fxg5 31. hxg5 Kf7 32. Rdh1 Kg8 33. g6 hxg6+ 34. Kxg6 Rxh2 35. Rxh2 b5 36. c5 Bb8 37. d6 Bxd6 38. cxd6 Rc6 39. Rd2 e4 40. fxe4 f3 41. e5 b4 42. d7 1-0

[Event "Cheliabinsk Shusharin Memorial Rapid"]
[Site "Cheliabinsk"]
[Date "2023.11.15"]
[Round "2"]
[White "Pankov, Daniil"]
[Black "Makarian, Rudik"]
[Result "1-0"]
[WhiteElo "2018"]
[BlackElo "2552"]
[PlyCount "129"]
[EventDate "2023.11.15"]
[EventType "swiss (rapid)"]
[EventRounds "11"]
[EventCountry "RUS"]
[SourceTitle "CBM 217 Extra"]
[Source "ChessBase"]
[SourceDate "2024.01.31"]
[SourceVersion "1"]
[SourceVersionDate "2024.01.31"]
[SourceQuality "1"]

1. e4 c5 2. Nc3 Nc6 3. Bb5 e6 4. Bxc6 bxc6 5. d3 d5 6. f4 Nf6 7. Nf3 c4 8. dxc4 Ba6 9. e5 Ng4 10. h3 Nh6 11. b3 Nf5 12. 0-0 dxc4 13. Qxd8+ Rxd8 14. Rd1 Bc5+ 15. Kh2 Rxd1 16. Nxd1 0-0 17. g4 cxb3 18. axb3 Be2 19. gxf5 Bxd1 20. Ba3 Bxa3 21. Rxd1 exf5 22. Nd4 Rc8 23. Nxf5 g6 24. Ne3 Rc7 25. Nc4 Be7 26. Kg3 Kg7 27. f5 gxf5 28. Kf4 Rb7 29. Kxf5 h6 30. Rg1+ Kf8 31. Rd1 Kg7 32. Na5 Rc7 33. Rd4 a6 34. Rd1 Bb4 35. Nc4 Be7 36. Rg1+ Kf8 37. Ra1 Ra7 38. Nd2 Ra8 39. Ne4 Ra7 40. Ra4 Ke8 41. Nf6+ Kd8 42. Rd4+ Kc8 43. Rc4 Kb7 44. Ng4 Bg5 45. Nf2 Kb6 46. Rb4+ Kc5 47. Rc4+ Kb6 48. Rb4+ Kc5 49. Rc4+ Kb6 50. Rb4+ Kc7 51. Ne4 Be7 52. Ra4 Kb6 53. Rd4 a5 54. Nd6 Bxd6 55. Rxd6 Kc5 56. Rxh6 a4 57. bxa4 Rxa4 58. Rh7 Rc4 59. Rxf7 Rxc2 60. e6 Rf2+ 61. Kg6 Rh2 62. Rf3 Kd6 63. Kf7 c5 64. e7 Re2 65. e8Q 1-0

[Event "Urals-ch"]
[Site "Cheliabinsk"]
[Date "2022.03.19"]
[Round "4"]
[White "Savitskiy, Sergey"]
[Black "Pankov, Daniil"]
[Result "1/2-1/2"]
[WhiteElo "2422"]
[BlackElo "2010"]
[PlyCount "88"]
[EventDate "2022.03.16"]
[EventType "swiss"]
[EventRounds "9"]
[EventCountry "RUS"]
[SourceTitle "CBM 207 Extra"]
[Source "ChessBase"]
[SourceDate "2022.05.31"]
[SourceVersion "1"]
[SourceVersionDate "2022.05.31"]
[SourceQuality "1"]

1. e4 c6 2. d4 d5 3. Nc3 dxe4 4. Nxe4 Nd7 5. Ng5 Ngf6 6. Bd3 e6 7. N1f3 Bd6 8. Qe2 h6 9. Nxe6 fxe6 10. Bg6+ Ke7 11. 0-0 Nf8 12. Bd3 Kf7 13. Ne5+ Kg8 14. Bf4 Bd7 15. c4 Be8 16. h3 Qe7 17. Rad1 Rd8 18. Bc2 Bc7 19. Rd3 Bb6 20. Be3 N6d7 21. f4 c5 22. dxc5 Bxc5 23. Rfd1 Rc8 24. Nf3 Nf6 25. Ne5 N6d7 26. Nxd7 Bxd7 27. Kh2 Bxe3 28. Rxe3 Qf6 29. g3 Bc6 30. b4 a6 31. a4 Rd8 32. b5 axb5 33. axb5 Be8 34. Be4 b6 35. Rxd8 Qxd8 36. Ra3 Qe7 37. Ra8 h5 38. h4 Rh6 39. Bc6 Bxc6 40. bxc6 e5 41. Qe4 Rd6 42. c5 Rd2+ 43. Kh3 Qxc5 44. Qf5 Rh2+ 1/2-1/2

[Event "Urals-ch"]
[Site "Cheliabinsk"]
[Date "2022.03.17"]
[Round "2"]
[White "Remizov, Yaroslav"]
[Black "Pankov, Daniil"]
[Result "1/2-1/2"]
[WhiteElo "2410"]
[BlackElo "2010"]
[PlyCount "102"]
[EventDate "2022.03.16"]
[EventType "swiss"]
[EventRounds "9"]
[EventCountry "RUS"]
[SourceTitle "CBM 207 Extra"]
[Source "ChessBase"]
[SourceDate "2022.05.31"]
[SourceVersion "1"]
[SourceVersionDate "2022.05.31"]
[SourceQuality "1"]

1. d4 d5 2. c4 c6 3. Nf3 Nf6 4. e3 Bf5 5. Nc3 e6 6. h3 h6 7. g4 Bh7 8. Bg2 Nbd7 9. Qe2 Ne4 10. Nd2 Nxd2 11. Bxd2 Bd6 12. e4 dxc4 13. Qxc4 e5 14. Be3 Nb6 15. Qe2 Qe7 16. 0-0 exd4 17. Bxd4 0-0 18. f4 Rad8 19. Rad1 Rfe8 20. Qf2 Nd7 21. Rd2 Bc5 22. Rfd1 Bb6 23. a4 Ba5 24. e5 Nf8 25. Bxa7 Rxd2 26. Rxd2 Bxc3 27. bxc3 Qa3 28. Bd4 Rd8 29. f5 c5 30. Be3 Re8 31. e6 fxe6 32. f6 Bg6 33. Be4 Bf7 34. fxg7 Kxg7 35. Bxc5 Qxa4 36. Bc2 Qc4 37. Be3 e5 38. Bb1 Qxc3 39. Rd6 Re6 40. Rxe6 Nxe6 41. Bxh6+ Kg8 42. Kh2 Nf4 43. Bxf4 exf4 44. Be4 Qe3 45. Qxe3 fxe3 46. Kg3 b5 47. Kf3 b4 48. Kxe3 Be6 49. Kd4 Kg7 50. Bd3 b3 51. Kc3 Kf6 1/2-1/2

[Event "Cheliabinsk Panchenko Memorial op-A"]
[Site "Cheliabinsk"]
[Date "2021.09.14"]
[Round "2"]
[White "Chyndygyr, Tamerlan"]
[Black "Pankov, Daniil"]
[Result "1-0"]
[WhiteElo "2425"]
[BlackElo "2015"]
[PlyCount "49"]
[EventDate "2021.09.13"]
[EventType "swiss"]
[EventRounds "10"]
[EventCountry "RUS"]
[SourceTitle "CBM 204 Extra"]
[Source "ChessBase"]
[SourceDate "2021.11.30"]
[SourceVersion "1"]
[SourceVersionDate "2021.11.30"]
[SourceQuality "1"]

1. d4 Nf6 2. c4 e6 3. Nc3 Bb4 4. f3 d5 5. a3 Be7 6. cxd5 exd5 7. Bg5 0-0 8. e3 Ne4 9. Bxe7 Nxc3 10. Bxd8 Nxd1 11. Kxd1 Rxd8 12. Rc1 c6 13. Bd3 Nd7 14. Ne2 Nf8 15. Kd2 Bd7 16. g4 Rac8 17. h4 b6 18. b4 c5 19. dxc5 bxc5 20. Rxc5 Rxc5 21. bxc5 Ne6 22. Rc1 Rc8 23. Bf5 Nxc5 24. Bxd7 Nb3+ 25. Kd1 1-0

[Event "Cheliabinsk Panchenko Memorial op-A"]
[Site "Cheliabinsk"]
[Date "2020.09.10"]
[Round "4"]
[White "Suvorov, Aleksandr1"]
[Black "Pankov, Daniil"]
[Result "1-0"]
[WhiteElo "2180"]
[BlackElo "1880"]
[PlyCount "31"]
[EventDate "2020.09.07"]
[EventType "swiss"]
[EventRounds "9"]
[EventCountry "RUS"]
[SourceTitle "CBM 198 Extra"]
[Source "ChessBase"]
[SourceDate "2020.11.30"]
[SourceVersion "1"]
[SourceVersionDate "2020.11.30"]
[SourceQuality "1"]

1. e4 c6 2. d4 d5 3. exd5 cxd5 4. c4 Nf6 5. Nc3 Nc6 6. Bg5 Be6 7. Nf3 Ne4 8. Nxe4 dxe4 9. d5 exf3 10. dxe6 fxg2 11. Qf3 Qd6 12. Bxg2 Qxe6+ 13. Be3 g6 14. 0-0 Bg7 15. Rad1 0-0 16. Qe4 1-0

[Event "Eurasia Cup op"]
[Site "Ekaterinburg"]
[Date "2019.08.03"]
[Round "4"]
[White "Novikov, Evgenij"]
[Black "Pankov, Daniil"]
[Result "1-0"]
[WhiteElo "2164"]
[BlackElo "1900"]
[PlyCount "59"]
[EventDate "2019.07.31"]
[EventType "swiss"]
[EventRounds "9"]
[EventCountry "RUS"]
[SourceTitle "CBM 191 Extra"]
[Source "ChessBase"]
[SourceDate "2019.09.30"]
[SourceVersion "1"]
[SourceVersionDate "2019.09.30"]
[SourceQuality "1"]

1. Nf3 Nf6 2. c4 e6 3. Nc3 Bb4 4. g3 b6 5. Bg2 Bb7 6. 0-0 0-0 7. Qb3 Be7 8. d4 d6 9. d5 exd5 10. cxd5 Na6 11. Nd4 Nd7 12. a3 Bf6 13. Rd1 Nac5 14. Qc2 a5 15. Nc6 Bxc6 16. dxc6 Nb8 17. Bf4 Bxc3 18. Qxc3 Ne6 19. b4 Na6 20. Bc1 Qf6 21. Qxf6 gxf6 22. Rb1 axb4 23. axb4 b5 24. Be3 Nb8 25. Ra1 Rxa1 26. Rxa1 Nd8 27. Bh6 Nbxc6 28. Ra8 Ne6 29. Bxf8 Nxf8 30. Bxc6 1-0

[Event "Eurasia Cup op"]
[Site "Ekaterinburg"]
[Date "2019.08.01"]
[Round "2"]
[White "Chekletsov, Egor"]
[Black "Pankov, Daniil"]
[Result "0-1"]
[WhiteElo "2088"]
[BlackElo "1900"]
[PlyCount "68"]
[EventDate "2019.07.31"]
[EventType "swiss"]
[EventRounds "9"]
[EventCountry "RUS"]
[SourceTitle "CBM 191 Extra"]
[Source "ChessBase"]
[SourceDate "2019.09.30"]
[SourceVersion "1"]
[SourceVersionDate "2019.09.30"]
[SourceQuality "1"]

1. d4 Nf6 2. c4 e6 3. Nf3 Bb4+ 4. Bd2 c5 5. Nc3 0-0 6. a3 cxd4 7. Nxd4 Be7 8. Bg5 d5 9. e3 Nc6 10. cxd5 Nxd4 11. exd4 Nxd5 12. Bxe7 Nxe7 13. Bd3 Bd7 14. 0-0 Bc6 15. b4 Nd5 16. Ne4 Nf4 17. Bc2 Qxd4 18. Qxd4 Ne2+ 19. Kh1 Nxd4 20. Bd3 Rfd8 21. Rad1 Rac8 22. Bb1 Nb5 23. a4 Na3 24. Rxd8+ Rxd8 25. b5 Bd5 26. Nc3 Nxb1 27. Rxb1 Rc8 28. Nxd5 exd5 29. g3 Kf8 30. Rd1 Rc5 31. Kg2 Ke7 32. f4 Kd6 33. Kf3 Rc3+ 34. Kg4 Ra3 0-1